header

Increasing girls' and women's participation in basic education (Record no. 264444)

MARC details
000 -LEADER
fixed length control field 00567nam a22001817a 4500
003 - CONTROL NUMBER IDENTIFIER
control field OSt
005 - DATE AND TIME OF LATEST TRANSACTION
control field 20240902122603.0
008 - FIXED-LENGTH DATA ELEMENTS--GENERAL INFORMATION
fixed length control field 240902b xxu||||| |||| 00| 0 eng d
020 ## - INTERNATIONAL STANDARD BOOK NUMBER
International Standard Book Number 9280311662
040 ## - CATALOGING SOURCE
Transcribing agency RU
050 ## - LIBRARY OF CONGRESS CALL NUMBER
Classification number LC2572
Item number .F82 1997
100 ## - MAIN ENTRY--PERSONAL NAME
Personal name Stromquist, Nelly P.
245 ## - TITLE STATEMENT
Title Increasing girls' and women's participation in basic education
260 ## - PUBLICATION, DISTRIBUTION, ETC. (IMPRINT)
Place of publication, distribution, etc Pari, France
Name of publisher, distributor, etc UNESCO/IIEP
Date of publication, distribution, etc 1997
300 ## - PHYSICAL DESCRIPTION
Extent 111p.
490 ## - SERIES STATEMENT
Series statement Fundamentals of educational planning, 56 [274], Principes de la planification de l'éducation, 56 [273]
942 ## - ADDED ENTRY ELEMENTS (KOHA)
Source of classification or shelving scheme Library of Congress Classification
Koha item type Long Loan Books
Holdings
Withdrawn status Lost status Source of classification or shelving scheme Damaged status Not for loan Collection code Home library Current library Shelving location Date acquired Total Checkouts Full call number Barcode Date last seen Price effective from Koha item type
    Library of Congress Classification     Non-fiction Rongo University Library Rongo University Library General Stacks 02/09/2024   LC2572 .F82 1997 202401014 02/09/2024 02/09/2024 Long Loan Books

© 2026 Rongo University
Contact us: librarian | system librarian | Rongo university